Современная рыночная экономика; Проблемы управления рыночной экономикой; Т. 2

書誌詳細
Parent link:Проблемы управления рыночной экономикой: межрегиональный сборник научных трудов/ Национальный исследовательский Томский политехнический университет (ТПУ) ; под ред. И. Е. Никулиной ; Л. Р. Тухватулиной ; Н. В. Черепановой.— , 2015
Т. 2.— 2015.— [С. 246-250]
第一著者: Стародворская А. Э.
団体著者: Национальный исследовательский Томский политехнический университет (ТПУ) Институт социально-гуманитарных технологий (ИСГТ) Кафедра философии (ФИЛ)
その他の著者: Очеретин К. Г. (научный руководитель), Дубинец Ю. В., Карпова А. Ю. Анна Юрьевна
要約:Заглавие с титульного экрана
言語:ロシア語
出版事項: 2015
シリーズ:Экономика
主題:
オンライン・アクセス:http://earchive.tpu.ru/handle/11683/19310
http://www.lib.tpu.ru/fulltext/c/2015/C53/V2/073.pdf
フォーマット: 電子媒体 図書の章
KOHA link:https://koha.lib.tpu.ru/cgi-bin/koha/opac-detail.pl?biblionumber=614182

MARC

LEADER 00000naa2a2200000 4500
001 614182
005 20240119173704.0
035 |a (RuTPU)RU\TPU\conf\12346 
035 |a RU\TPU\conf\12345 
090 |a 614182 
100 |a 20150911d2015 k y0rusy50 ca 
101 0 |a rus 
102 |a RU 
105 |a y z 101zy 
135 |a drgn ---uucaa 
181 0 |a i  
182 0 |a b 
200 1 |a Современная рыночная экономика  |f А. Э. Стародворская, К. Г. Очеретин, Ю. В. Дубинец  |g науч. рук. А. Ю. Карпова 
203 |a Текст  |c электронный 
225 1 |a Экономика 
300 |a Заглавие с титульного экрана 
320 |a [Библиогр.: с. 250 (4 назв.)] 
337 |a Adobe Reader 
461 1 |0 (RuTPU)RU\TPU\conf\10370  |t Проблемы управления рыночной экономикой  |o межрегиональный сборник научных трудов  |f Национальный исследовательский Томский политехнический университет (ТПУ) ; под ред. И. Е. Никулиной ; Л. Р. Тухватулиной ; Н. В. Черепановой  |d 2015 
463 1 |0 (RuTPU)RU\TPU\conf\11904  |t Т. 2  |v [С. 246-250]  |d 2015 
610 1 |a труды учёных ТПУ 
610 1 |a электронный ресурс 
610 1 |a рыночная экономика 
610 1 |a финансовая стабильность 
610 1 |a кризис 
610 1 |a научно-технический прогресс 
610 1 |a конкуренция 
700 1 |a Стародворская  |b А. Э. 
701 1 |a Очеретин  |b К. Г. 
701 1 |a Дубинец  |b Ю. В. 
702 1 |a Карпова  |b А. Ю.  |c философ  |c профессор Томского политехнического университета, доктор социологических наук  |f 1968-  |g Анна Юрьевна  |4 727 
712 0 2 |a Национальный исследовательский Томский политехнический университет (ТПУ)  |b Институт социально-гуманитарных технологий (ИСГТ)  |b Кафедра философии (ФИЛ)  |3 (RuTPU)RU\TPU\col\18928 
801 2 |a RU  |b 63413507  |c 20210211  |g RCR 
856 4 |u http://earchive.tpu.ru/handle/11683/19310 
856 4 |u http://www.lib.tpu.ru/fulltext/c/2015/C53/V2/073.pdf 
942 |c BK